| 000 | 00828nam a2200265Ia 4500 | ||
|---|---|---|---|
| 005 | 20220317001229.0 | ||
| 008 | 160825s2001 sp a g 000 0 spa | ||
| 020 | _a8479022965 | ||
| 082 | 0 | 4 |
_a797.21 _bN61n |
| 100 | 1 | _aNoble, Jim | |
| 245 | 1 | 0 |
_aNatación para niños _bjuegos y actividades _cJim Noble y Alan Cregeen |
| 250 | _a1a. edición | ||
| 300 |
_a93 páginas _bilustraciones _c23 cm |
||
| 534 | _tSwimming. Games and activities | ||
| 650 | 1 | 4 |
_2LEMB _aNatación para niños |
| 650 | 1 | 4 |
_2LEMB _aEducación de niños |
| 650 | 1 | 4 |
_2LEMB _aJuegos infantiles |
| 700 | 1 |
_aCregeen, Alan _967949 |
|
| 942 |
_2ddc _cBK |
||
| 264 |
_aMadrid _bTutor _c2001 |
||
| 336 |
_atexto _btxt _2rdacontent |
||
| 337 |
_asin mediación _bn _2rdamedia |
||
| 338 |
_avolumen _bnc _2rdacarrier |
||
| 040 |
_aCO-BoRNBP _bspa _erda _cCO-BoRNBP |
||
| 999 |
_c6323 _d6323 |
||